000 00307nam a2200121Ia 4500
008 190216s9999||||xx |||||||||||||| ||und||
100 _aSharma R K&Amp; Gupta
245 0 _aManagement Accounting Principles And Practise
260 _bKalyani Pub
_c1996
300 _a36.12p
650 _aCommerce
942 _cBK
999 _c5648
_d5648